| 000 | 00535nam a2200205 a 4500 | ||
|---|---|---|---|
| 003 | DO-SdBNP | ||
| 005 | 20211022152220.0 | ||
| 007 | ta | ||
| 008 | 120918s2012 000 spa d | ||
| 020 | _a978997262114 | ||
| 040 |
_aDO-SdBNP _bspa _cBNPHU |
||
| 082 | 4 | _222 | |
| 245 | 0 | 0 | _aNueva enciclopedia autodidáctica. |
| 260 |
_aMéxico : _bLexus, _c2012. |
||
| 300 |
_a8 v. : _bil., retrs. ; _c27 cm. |
||
| 500 | _aLa biblioteca posee el volumen 5 | ||
| 590 | _aInventariado, 2021/BT | ||
| 910 | _aBtavárez | ||
| 942 |
_2ddc _cLBS1 |
||
| 999 |
_c37086 _d37086 |
||